Introduction to electrodynamics / (Record no. 3630)

MARC details
000 -LEADER
fixed length control field 00900pam a2200265 a 4500
001 - CONTROL NUMBER
control field 1200882
003 - CONTROL NUMBER IDENTIFIER
control field OSt
005 - DATE AND TIME OF LATEST TRANSACTION
control field 20160419144852.0
008 - FIXED-LENGTH DATA ELEMENTS--GENERAL INFORMATION
fixed length control field 981029s1999 njua b 001 0 eng
010 ## - LIBRARY OF CONGRESS CONTROL NUMBER
LC control number 98050525
020 ## - INTERNATIONAL STANDARD BOOK NUMBER
International Standard Book Number 013805326X (pbk.)
040 ## - CATALOGING SOURCE
Original cataloging agency DLC
Transcribing agency DLC
Modifying agency DLC
050 00 - LIBRARY OF CONGRESS CALL NUMBER
Classification number QC680
Item number .G74 1999
082 00 - DEWEY DECIMAL CLASSIFICATION NUMBER
Classification number 530
Edition number 21
Item number GRI 1999
100 1# - MAIN ENTRY--PERSONAL NAME
Personal name Griffiths, David J.
Fuller form of name (David Jeffery),
Dates associated with a name 1942-
9 (RLIN) 8087
245 10 - TITLE STATEMENT
Title Introduction to electrodynamics /
Statement of responsibility, etc. David J. Griffiths.
250 ## - EDITION STATEMENT
Edition statement 3rd ed.
260 ## - PUBLICATION, DISTRIBUTION, ETC. (IMPRINT)
Place of publication, distribution, etc. Upper Saddle River, N.J. :
Name of publisher, distributor, etc. Prentice Hall,
Date of publication, distribution, etc. 1999.
300 ## - PHYSICAL DESCRIPTION
Extent xv, 576 p. :
Other physical details ill. ;
Dimensions 25 cm.
504 ## - BIBLIOGRAPHY, ETC. NOTE
Bibliography, etc Includes bibliographical references and index.
650 #0 - SUBJECT ADDED ENTRY--TOPICAL TERM
Topical term or geographic name as entry element Electrodynamics.
9 (RLIN) 7960
906 ## - LOCAL DATA ELEMENT F, LDF (RLIN)
a 7
b cbc
c orignew
d 1
e ocip
f 19
g y-gencatlg
942 ## - ADDED ENTRY ELEMENTS (KOHA)
Source of classification or shelving scheme Dewey Decimal Classification
Koha item type Short Loan
Holdings
Withdrawn status Lost status Source of classification or shelving scheme Damaged status Not for loan Home library Current library Date acquired Inventory number Total Checkouts Full call number Barcode Date last seen Price effective from Koha item type Source of acquisition
    Dewey Decimal Classification     MUST Main Library MUST Main Library 19/04/2016 2001/15789   530 GRI 1999 2016-1029 19/04/2016 19/04/2016 Short Loan  
    Dewey Decimal Classification     MUST Main Library MUST Main Library 02/05/2016 2001/15788   530 GRI 1999 2016-1534 02/05/2016 02/05/2016 Short Loan  
    Dewey Decimal Classification     MUST Main Library MUST Main Library 26/11/2021 06/28245   530 GRI 1999 2021-1921 26/11/2021 26/11/2021 Open Shelf Purchase